| 000 | 00722nam a2200253 i 4500 | ||
|---|---|---|---|
| 001 | bg | ||
| 100 | 1 | _aSZWEJKOWSKI, Zbigniew | |
| 245 | 1 | 0 |
_aPogoda, klimat i środowisko / _cZbigniew Szwejkowski. |
| 260 |
_aOlsztyn : _bWydaw. Uniwersytetu Warmińsko-Mazurskiego, _c2004. |
||
| 300 |
_a244 s. : _bil. ; _cBibliogr. |
||
| 504 | _aBibliogr. | ||
| 650 | 9 | _aMeteorologia | |
| 650 | 9 | _aKlimat | |
| 650 | 9 | _aPogoda | |
| 655 | _aPodręczniki akademickie | ||
| 020 | _a8372993467 | ||
| 040 | _cBPK | ||
| 041 | 0 | _apol | |
| 080 | _a551.5(075.8) | ||
| 920 | _a83-7299-346-7 | ||
| 942 | _cKS | ||
| 008 | s pl f |000 0 pol | ||
| 999 |
_c45786 _d45786 |
||
| 856 |
_uhttp://koha.tu.koszalin.pl/cgi-bin/koha/opac-detail.pl?biblionumber=45786 _yKatalog online BPK |
||